00269nam a2200109Ia 4500008004100000041000800041082001500049100001800064245004500082260002500127365000700152240624s9999 xx 000 0 und d aeng a332.63 CHA aCHAN ERNEST P aALGORITHMIC TRADING WINNING STRATEGIES A c2013aHobokenbWiley cRS